Bilecik Bilecik Bilecik Bilecik Bilecik

Dini ve felsefi metinler : (Record no. 37933)

MARC details
000 -BAŞLIK
Sabit Uzunluktaki Kontrol Alanı 01402nam a22003377a 4500
001 - KONTROL NUMARASI
Control Dosyası 0038080
003 - KONTROL NUMARASI KİMLİĞİ
Kontrol Alanı KOHA_MİRAKIL
005 - EN SON İŞLEM TARİHİ ve ZAMANI
Kontrol Alanı 20260207003049.0
007 - FİZİKSEL TANIM SABİT ALAN - GENEL BİLGİ
Sabit uzunluklu kontrol alanı ta
008 - SABİT UZUNLUKTAKİ VERİ ÖGELERİ - GENEL BİLGİ
Sabit Alan 120731b2012 tu |||gr||||#||||0|tur |
020 ## - ISBN - ULUSLARARASI STANDART KİTAP NUMARASI
Isbn 9786058974456
040 ## - KATALOGLAMA KAYNAĞI
Özgün Kataloglama Kurumu TR-BiSEU
Kataloglama Dili tur
Çeviri Kurumu TR-BiSEU
Açıklama Kuralları rda
041 0# - DİL KODU
Metin ya da ses kaydının dil kodu tur
044 ## - YAYINLAYAN/ÜRETEN KURULUŞUN ÜLKE KODU
ISO country code tu
050 ## - SINIFLAMA ve YER NUMARASI
Sınıflama Numarası BL51
Yer Numarası .D56 2012
240 10 - TEK BİÇİM BAŞLIK
Tekbiçim Başlık <a href="Religious and Philosophical Texts : re-reading, understanding and comprehending them in the 21. century">Religious and Philosophical Texts : re-reading, understanding and comprehending them in the 21. century</a>
Language of a work Türkçe
245 1# - ESER ADI BİLDİRİMİ
Başlık Dini ve felsefi metinler :
Alt Eseradı vb. yirmibirinci yüzyılda yeniden okuma, anlama ve algılama =
-- Religious and Philosophical Texts :
-- re-reading, understanding and comprehending them in the 21. century/
Sorumluluk Bildirimi editör. Bayram Ali Çetinkaya.
264 #1 - ÜRERİM, YAYIN, DAĞITIM ve TELİF BİLDİRİMİ
Yayın yeri İstanbul :
Yayınlayan Sultanbeyli Belediyesi
Yayın tarihi 2012
300 ## - FİZİKSEL TANIMLAMA
Sayfa, Cilt vb. 547-1072 ss. ;
Boyutları 27 cm.
336 ## - İÇERİK TÜRÜ
Content type term metin
Content type code txt
Source rdacontent
337 ## - MEDYA TÜRÜ
Media type term aracısız
Media type code n
Source rdamedia
338 ## - TAŞIYICI TÜRÜ
Carrier type term cilt
Carrier type code nc
Source rdacarrier
490 1# - DİZİ BİLDİRİMİ
Dizi Bildirimi Sultanbeyli Belediyesi Kültür ve Sosyal İşler Müdürlüğü Kültür Yayın ;
Cilt Numarası no : 8.
500 ## - GENEL NOT
Genel Not Dizin var.
650 #0 - KONU BAŞLIĞI EK GİRİŞ - KONU TERİMİ
Konusal terim veya coğrafi ad Din ve felsefe.
9 (RLIN) 71215
650 #0 - KONU BAŞLIĞI EK GİRİŞ - KONU TERİMİ
Konusal terim veya coğrafi ad Din--Felsefe--Kongreler.
9 (RLIN) 71216
650 #0 - KONU BAŞLIĞI EK GİRİŞ - KONU TERİMİ
Konusal terim veya coğrafi ad Religion and philosophy.
9 (RLIN) 71217
650 #0 - KONU BAŞLIĞI EK GİRİŞ - KONU TERİMİ
Konusal terim veya coğrafi ad Religion--Philosophy--Congresses.
9 (RLIN) 71218
830 1# - SERİ EK GİRİŞİ - TEKBİÇİM ESER ADI
Tekbiçim Başlık Sultanbeyli Belediyesi Kültür ve Sosyal İşler Müdürlüğü Kültür Yayın ;
Volume number/sequential designation no : 8.
9 (RLIN) 71219
942 ## - EK GİRİŞ ÖGELERİ (KOHA)
Source of classification or shelving scheme Library of Congress Classification
Koha item type Book
Holdings
Materyal Türü Kalıcı Konum Mevcut Konum Raf Yeri Sınıflandırma Kaynağı Edinim Bilgisi Ana Konular Alt Konular Yer Numarası Cilt Bilgisi Demirbaş Numarası Fatura Tarihi Geri Çekilme Durumu Kayıp Durumu Hasarlı Durumu Kredi için değil Kayıt Tarih Toplam Ödünçverme Son Görülme Tarihi Son Kontrol Tarihi Genel / Bağış Notu
Book Prof. Dr. Azmi Özcan Kütüphanesi Prof. Dr. Azmi Özcan Kütüphanesi Uluğbey Salonu Library of Congress Classification Bağış FELSEFE, PSİKOLOJİ, DİN Dinler, Mitoloji, Rasyonalizm BL51 .D56 2012 c.1 0038080 02/02/2026         31/07/2012   05/12/2024 05/12/2024 Genel Bağış